| 000 | 00392nam a2200145 a 4500 | ||
|---|---|---|---|
| 001 | 20095 | ||
| 005 | 20180713213627.0 | ||
| 008 | 140415s1977 000 0 spa d | ||
| 041 | _aspa | ||
| 082 |
_a973.926 _bNEW |
||
| 245 | 0 | 2 | _aA NEW SPIRIT, A NEW COMMITMENT, A NEWAMERICA |
| 260 |
_a[s.l.] : _bBANTAM BOOK, _c1977 |
||
| 300 | _a128 | ||
| 650 | 1 | 4 |
_aESTADOS UNIDOS _xHISTORIA |
| 999 |
_c20095 _d20095 |
||